00423nam a2200157Ia 4500100001200000650002700012942000700039654001000046245002400056260003800080082001500118300000800133546001200141999001700153952009500170 aDutt/J  aElectrical Engineering cBK aPower aElectrical Power II bShasikant PrakashanaBombayc1968 a621.3bDUT a264 aENGLISH c27823d27823 001040708AFTaCRCEbCRCEd2023-03-17l0o621.3 DUTpAFT1963r2023-03-17w2023-03-17yBK